| 000 | 00709nam a2200157Ia 4500 | ||
|---|---|---|---|
| 008 | 220216s9999 xx 000 0 und d | ||
| 100 | _aUsha Rani S | ||
| 245 | 0 | _aMeasuring participation in community driven development: Participation index (PnI) for scientific measurement of the members' participation in the functioning of rubber producers' societies (RPS) | |
| 260 | _bPLACROSYM XIX, 7-10 December 2010, Kottayam. Climate Change. 19th Biennial Symposium on Plantation Crops. Abstracts.pp.199-200. | ||
| 650 | _aCommunity based organisation | ||
| 650 | _aCommunity driven development | ||
| 650 | _aParticipation index | ||
| 650 | _aRubber producers society | ||
| 700 | _aNarayanasamy N | ||
| 942 | _cBS | ||
| 999 |
_c52242 _d52242 |
||